| 000 | 00782nam a2200265Ia 4500 | ||
|---|---|---|---|
| 001 | Para_4060 | ||
| 003 | CHAP | ||
| 008 | 220125s1949 xx 000 0 und d | ||
| 010 | _a202530 | ||
| 040 | _cCHAP | ||
| 090 | _aPA FOLLETO 1468 | ||
| 100 |
_aHaseman, Leonard _953018 |
||
| 245 |
_aHog lice and mange affect pork production / _c Leonard Haseman |
||
| 260 |
_aColumbia, Missouri : _b Agricultural Experiment Station |
||
| 300 | _a1 h. | ||
| 440 |
_aMissouri. Agr. Exp. Sta. Circular; 340 _9167787 |
||
| 650 |
_aPiojos del ganado Ganado porcino _x Producción _9167788 |
||
| 901 | _aPA FOLLETO 1468 | ||
| 902 | _aA | ||
| 905 | _a0000001949 ck 0000000000 00 | ||
| 910 | _a1949 | ||
| 942 | _cPARA | ||
| 942 |
_cPARA _d1 |
||
| 999 |
_c202530 _d202530 |
||